000 00640nam a2200253Ia 4500
003 OSt
005 20220912150733.0
006 a|||||r|||| 00| 0
007 ta
008 220909b |||||||| |||| 00| 0 eng d
024 _a23754
037 _cTextual
040 _aCSL
_beng
_cCSL
041 _aeng
082 _aB2891, M2
100 _aOwen Guillermo
245 0 _aGame theory
250 _a2
260 _aNew York
_b Academic Press
_c1982
300 _axii,344p.
_ccm.
500 _aBibliography 334-40p; Appendix 329-33p
942 _hB2891, M2
_cTEXL
_2CC
999 _c53720
_d53720